000 00647nam a2200217 a 4500
001 20208
003 CO-ViMGA
008 141112s2004 ck r 000 u spa d
020 _a9701508513
040 _aCO-ViMGA
_bspa
_cCO-ViMGA
082 0 4 _a005.1 B718i
100 1 _aBraude, Eric
_929220
245 1 0 _aIngeniería de Software :
_buna perspectiva orientada a objetos
260 _aMexico :
_bAlfaomega,
_c2003
300 _a539 p.
590 _aForma de adquisición : Premio Mincultura
650 1 4 _aANALISIS DE SISTEMAS
650 1 4 _aINGENIERIA DE SOFTWARE
_929221
650 1 4 _aPROGRAMACION ORIENTADA A OBJETOS
_922125
942 _2ddc
_cBK
999 _c29255
_d29255